Vascular muscarinic receptors in the aorta of the rabbit and hypertensive rats /
Saved in:
| Main Author: | |
|---|---|
| Format: | Thesis Book |
| Language: | English |
| Published: |
Singapore :
National University of Singapore,
1989.
|
| Subjects: | |
| Tags: |
Add Tag
No Tags, Be the first to tag this record!
|
| LEADER | 00909cam a2200253 a 4500 | ||
|---|---|---|---|
| 001 | u135191 | ||
| 003 | SIRSI | ||
| 008 | 920129s1989 si v 00 1 eng m | ||
| 035 | |a AAP-4158 | ||
| 040 | |a UMP | ||
| 096 | |a QV150 |b Man 1989 | ||
| 100 | 1 | 0 | |a Manjeet Singh. |
| 245 | 1 | 0 | |a Vascular muscarinic receptors in the aorta of the rabbit and hypertensive rats / |c by Manjeet Singh. |
| 260 | 0 | |a Singapore : |b National University of Singapore, |c 1989. | |
| 300 | |a xvi, 188 leaves : |b ill. ; |c 30 cm. | ||
| 500 | |a Typescript. | ||
| 502 | |a Thesis (Ph.D.) - National University of Singapore. | ||
| 504 | |a Bibliography : leaves 169-188. | ||
| 650 | 2 | |a Receptors, Muscarinic |x drug effects. | |
| 650 | 2 | |a Muscle, Smooth, Vascular |x drug effects. | |
| 650 | 2 | |a Hypertension |x physiopathology. | |
| 948 | |a 29/01/1992 |b 02/08/1995 | ||
| 596 | |a 2 | ||
| 999 | |a QV150 MAN 1989 |w NLM |c 1 |i A502453563 |l STACKS |m P02MEDKL |r Y |s Y |t TESIS |u 2/8/1995 | ||
